[Event "Michigan Open Reserve"]
[Site "Romulus, MI"]
[Date "2000.09.02"]
[Round "2.52"]
[White "Cox, Nick"]
[Black "Avery, Bill"]
[Result "0-1"]
[WhiteElo "1213"]
[BlackElo "1594"]
[PlyCount "86"]
[EventDate "2000.09.01"]

1. e4 d5 2. exd5 Qxd5 3. Nc3 Qd8 4. Nf3 g6 5. d4 Bg7 6. Bc4 Nh6 7. O-O O-O 8.
Be3 Bg4 9. h3 Bxf3 10. Qxf3 c6 11. Rad1 Nf5 12. Rfe1 Nxe3 13. Qxe3 e6 14. Qf4
Nd7 15. Ne4 Nb6 16. Bb3 Nd5 17. Qf3 b5 18. c4 bxc4 19. Bxc4 Qb6 20. Bb3 Bxd4
21. Re2 Bg7 22. Rc2 Rfd8 23. Rdc1 Rac8 24. Ng5 Qb7 25. Ne4 a5 26. Qg3 Bf8 27.
a3 Be7 28. Ba4 c5 29. Nxc5 Bxc5 30. Rxc5 Rxc5 31. Rxc5 Qxb2 32. Rxa5 Nc3 33.
Bc6 Ne2+ 34. Kh2 Nxg3 35. fxg3 Rd2 36. a4 Qc3 37. Ra8+ Kg7 38. Be4 Qe3 39. Bc6
Qe1 40. a5 Rf2 41. h4 Rf1 42. Kh3 h5 43. g4 Rh1# 0-1

[Event "Michigan Open Reserve"]
[Site "Romulus, MI"]
[Date "2000.09.02"]
[Round "1.47"]
[White "Corbeill, Joe"]
[Black "Saylor, Oliver"]
[Result "1-0"]
[WhiteElo "1736"]
[BlackElo "1244"]
[PlyCount "23"]
[EventDate "2000.09.01"]

1. Nf3 Nc6 2. d4 d5 3. e3 Bg4 4. Nbd2 Nf6 5. c4 e6 6. a3 b6 7. Qa4 Bd6 8. Qxc6+
Nd7 9. c5 bxc5 10. dxc5 Be7 11. Ne5 Bf5 12. Nxd7 1-0

[Event "Michigan Open Reserve"]
[Site "Romulus, MI"]
[Date "2000.09.02"]
[Round "2.56"]
[White "Cooper, Rene"]
[Black "Avery, James"]
[Result "1-0"]
[WhiteElo "1106"]
[BlackElo "641"]
[PlyCount "41"]
[EventDate "2000.09.01"]

1. d4 d5 2. e3 Nf6 3. Bd3 e6 4. Nd2 Be7 5. c3 O-O 6. f4 Nc6 7. Ngf3 Bd7 8. O-O
Bd6 9. Ne5 Bc8 10. Rf3 Ne4 11. Nxe4 dxe4 12. Bxe4 Nxe5 13. fxe5 Be7 14. Bxh7+
Kh8 15. Rh3 Bg5 16. Qh5 f6 17. Bg6+ Bh6 18. e4 Kg8 19. Bxh6 gxh6 20. Qxh6 Rf7
21. Qh8# 1-0

[Event "Michigan Open"]
[Site "Romulus, MI"]
[Date "2000.09.02"]
[Round "3.18"]
[White "Comstock, Ron"]
[Black "Skidmore, Mike"]
[Result "1/2-1/2"]
[WhiteElo "1872"]
[BlackElo "1800"]
[Annotator "Bob Ciaffone"]
[PlyCount "97"]
[EventDate "2000.09.01"]

1. Nf3 {I like this starting move.} c6 {On the other hand, black plants a pawn
where his knight belongs before he has any idea what the pawn structure will
be.} 2. d4 d5 3. c4 e6 {White heads for the quiet lines of the Queens Gambit
Declined Exchange Variation, an innocuous line unless black has blocked in his
queen-bishop with Nbd7 early on. One of my chess observations is the weaker
the player, the quicker he is to define the pawn structure.} 4. cxd5 exd5 5.
Nc3 Nf6 {Playable, but not the most accurate. Black should solve the problem
of his queen-bishop deployment immediately by 5...Bf5!} 6. Bg5 {Another
inaccur acy by black; better is 6...h6! 7.Bh4 Bf5 as in Beliavsky-Shirov, Biel,
1992.} Be7 7. e3 h6 8. Bh4 {To be considered was 8.Bxf6 Bxf6 9.b4, starting
the minority attack.} Nbd7 {Now I understand all black's opening moves; he is
not interested in ever developing the Bc8.} 9. Bd3 O-O 10. O-O Re8 11. a3 Nf8 {
Black should play 11...a5 to stop b4.} 12. Ne5 N6h7 {Marching backwards.} 13.
Bg3 Bf6 14. b4 Bxe5 15. Bxe5 Nf6 16. b5 {Now the minority attack is under way.}
N8d7 17. Bg3 Ne4 18. Nxe4 dxe4 19. Bc4 (19. Be2 $1 {And black is left with
weak pawns.}) 19... Nb6 20. Be2 Nd5 21. Rc1 Bd7 22. Qb3 Qb6 23. Bc4 Be6 24.
bxc6 Qxb3 25. Bxb3 bxc6 26. Rxc6 Nxe3 {Black has this tactical resource to get
out of trouble.} 27. fxe3 Bxb3 {Annotations are now over, as we have a drawn
bishops of opposite colors ending.} 28. Rb1 Be6 29. Rbc1 a6 30. h3 Bd7 31. Rc7
Be6 32. R7c6 Red8 33. R1c5 Bd7 34. Rd6 Bb5 35. Rxd8+ Rxd8 36. d5 g5 37. d6 Kg7
38. Rd5 f6 39. Kf2 Kf7 40. Ke1 Rc8 41. Kd2 Ke6 42. Rd4 Bd3 43. h4 Rc2+ 44. Kd1
Rc8 45. hxg5 hxg5 46. d7 Rd8 47. Bc7 Rxd7 48. Rxd7 Kxd7 49. Bb8 {This game
shows the insipidity of the Queens Gambit Exchange Variation in this Semi-Slav
line. Black made a number of inferior opening moves, yet white failed to
achieve much.} 1/2-1/2

[Event "Michigan Open"]
[Site "Romulus, MI"]
[Date "2000.09.02"]
[Round "3.8"]
[White "Ciaffone, Bob"]
[Black "Turner, Keita"]
[Result "0-1"]
[WhiteElo "2213"]
[BlackElo "1886"]
[Annotator "Bob Ciaffone"]
[PlyCount "44"]
[EventDate "2000.09.01"]

{In this game black tries out a bold gambit of a pawn in order to get a
kingside attack. White makes an error and gets an inferior position, followed
by a bunder on the next move that leads to immediate loss.} 1. Nf3 Nf6 2. c4 g6
3. Nc3 Bg7 4. e4 d6 5. d4 O-O 6. Be2 e5 7. O-O Nc6 8. d5 Ne7 9. b4 {This is
the Bayonet Attack in the Classical Variation of the Kings Indian Defense.} a5
{One of the two main replies, the other being 9..Nh5.} 10. Ba3 Nh5 {Black
combines ideas here.} 11. Re1 $6 {This is not so good, because in the sequence
9...Nh5 10.Re1 Nf4 11.Bf1 a5 the move 12.Ba3?! is known to be only equal and
inferior to 11.bxa5. White should play either 11.c5, 11.bxa5, or 11. g3.} Nf4
12. Bf1 g5 $5 {This leads to a pawn sac probably giving black less than full
compensation, but not so easy to meet.} 13. Nxg5 Neg6 {This leaves black down
a pawn, but I believe is superior to 13...Nxd5 reestablishing material
equality.} 14. Nf3 Kh8 15. bxa5 Rxa5 16. Bb4 Ra8 17. c5 {White has his mind on
offense, but he should give thought to how his king can be protected against
the looming assult. I think white would be doing well after 17.a4, intending
to meet 17...Rg8 by 18.Ra2 guarding f2. Then he would be able to play g3
without having to answer Nh3 by Bxh3 weakening the white squares around the
king.} Rg8 18. cxd6 cxd6 19. Ne2 {This is not best, because it helps black
clear the g-file so his rook bears directly on the g2 pawn. White needs to
reduce the pressure on his king; 19. Kh1 looks right.} Nxe2+ 20. Bxe2 Bh6 21.
a4 $6 {21.g3 looks best, but white still has problems to solve.} (21. g3 Nf4
22. Bf1 Nh3+ 23. Bxh3 Bxh3 24. Qd3 Bg4 25. Kg2 Qd7 26. Ng1) 21... Nf4 22. Bf1
$4 {22.g3 was forced, after which black wins a pawn and gets a strong position
with 22...Qb6.} Nh3+ {White loses his queen after 23.Kh1 Nxf2.} 0-1

[Event "Michigan Open Reserve"]
[Site "Romulus, MI"]
[Date "2000.09.02"]
[Round "3.30"]
[White "Choate, Eric"]
[Black "Schell, Ken"]
[Result "0-1"]
[WhiteElo "1242"]
[BlackElo "1555"]
[PlyCount "108"]
[EventDate "2000.09.01"]

1. e4 d5 2. exd5 Nf6 3. Bc4 Nxd5 4. d3 g6 5. Nf3 Bg7 6. c3 O-O 7. O-O Bg4 8. h3
Bxf3 9. Qxf3 e6 10. d4 c6 11. Nd2 Nd7 12. Re1 N7f6 13. Ne4 Nxe4 14. Rxe4 Qf6
15. Qxf6 Nxf6 16. Re2 Rfe8 17. Bf4 Nd5 18. Bxd5 cxd5 19. Rae1 Rac8 20. Be5 b5
21. a3 a6 22. f3 Bf8 23. Rc2 Rc4 24. Rec1 Rec8 25. Bf4 Bg7 26. Bd6 Bxd4+ 27.
Kf1 Bg7 28. Ke2 d4 29. Bb4 dxc3 30. Bxc3 a5 31. Kd3 Bh6 32. Bd2 Rd8+ 33. Ke2
Rxc2 34. Rxc2 Rxd2+ 35. Rxd2 Bxd2 36. Kxd2 Kf8 37. Kd3 Ke7 38. Kd4 Kd6 39. b4
axb4 40. axb4 e5+ 41. Ke4 f5+ 42. Kd3 Kd5 43. g4 e4+ 44. fxe4+ fxe4+ 45. Kc3 g5
46. Kd2 Kd4 47. Ke2 h6 48. Kd2 e3+ 49. Ke2 Ke4 50. Ke1 Kd3 51. Kd1 e2+ 52. Ke1
Ke3 53. h4 Kf3 54. hxg5 hxg5 0-1

[Event "Michigan Open Reserve"]
[Site "Romulus, MI"]
[Date "2000.09.02"]
[Round "2.39"]
[White "Choate, Eric"]
[Black "Neshewat, Michael"]
[Result "1-0"]
[WhiteElo "1242"]
[BlackElo "1775"]
[PlyCount "75"]
[EventDate "2000.09.01"]

{Sicilian: Rossolimo} 1. e4 c5 2. Nf3 Nc6 3. Bb5 a6 4. Bxc6 bxc6 5. d3 g6 6.
Nbd2 Bg7 7. c3 d5 8. O-O e6 9. Re1 Ne7 10. Nb3 d4 11. cxd4 cxd4 12. Bg5 e5 13.
Rc1 f6 14. Bh4 Bd7 15. Qd2 O-O 16. Qb4 g5 17. Bg3 h5 18. h4 g4 19. Nh2 Ng6 20.
f3 f5 21. exf5 Bxf5 22. Nc5 Bh6 23. Rc2 Be3+ 24. Kh1 Qf6 25. Ne4 Bxe4 26. fxe4
Nxh4 27. Qc4+ Kh8 28. Qxc6 Qxc6 29. Rxc6 Bf2 30. Bxe5+ Kh7 31. Rf1 g3 32. Rc7+
Kh6 33. Bg7+ Kg5 34. Bxf8 Rxf8 35. Rc5+ Kg6 36. Rc6+ Kg5 37. Rc2 Kf4 38. Rcxf2+
1-0

[Event "Michigan Open Reserve"]
[Site "Romulus, MI"]
[Date "2000.09.02"]
[Round "2.32"]
[White "Carr, Jay"]
[Black "Sobh, Tarek"]
[Result "1/2-1/2"]
[WhiteElo "1600"]
[BlackElo "1196"]
[PlyCount "75"]
[EventDate "2000.09.01"]

1. c4 e5 2. Nc3 Nf6 3. g3 Bb4 4. Bg2 c6 5. e3 Bxc3 6. dxc3 Na6 7. Ne2 Nc5 8.
Qc2 d6 9. e4 Be6 10. b3 Ng8 11. Be3 Ne7 12. O-O Nd7 13. Rad1 Nb6 14. c5 Nd7 15.
Rxd6 O-O 16. Rfd1 Qc7 17. c4 h6 18. b4 a6 19. f4 Nc8 20. R6d2 f6 21. f5 Bf7 22.
Rxd7 Qb8 23. Rd8 Rxd8 24. Rxd8+ Kh7 25. g4 Qc7 26. Rd2 b5 27. cxb6 Nxb6 28. c5
Nc4 29. Rd3 a5 30. a3 axb4 31. axb4 Qb7 32. Bd2 Nxd2 33. Qxd2 Ra1+ 34. Kf2 Qa6
35. Nc1 Rxc1 36. Qxc1 Qxd3 37. Qe1 Qd4+ 38. Kf3 1/2-1/2

[Event "Michigan Open Reserve"]
[Site "Romulus, MI"]
[Date "2000.09.02"]
[Round "2.37"]
[White "Carpenter, George"]
[Black "Vasos, Brandon"]
[Result "1-0"]
[WhiteElo "1400"]
[BlackElo "1049"]
[PlyCount "61"]
[EventDate "2000.09.01"]

1. Nf3 Nf6 2. g3 b6 3. Bg2 Bb7 4. O-O g6 5. d3 Bg7 6. Nbd2 O-O 7. e4 d5 8. e5
Ng4 9. d4 c5 10. c3 Nd7 11. Ng5 Nh6 12. Ndf3 Nf5 13. e6 h6 14. exf7+ Kh8 15.
Ne6 Qc8 16. Nxf8 Qxf8 17. Bf4 Rc8 18. Re1 Qxf7 19. Ne5 Qe8 20. Nxd7 Qxd7 21.
Be5 cxd4 22. Bxg7+ Kxg7 23. cxd4 Rc4 24. Bh3 Rxd4 25. Qxd4+ Nxd4 26. Bxd7 Nf3+
27. Kf1 Nxe1 28. Rxe1 Kf6 29. Re6+ Kf7 30. Ke2 Ba6+ 31. Ke3 1-0

[Event "Michigan Open Reserve"]
[Site "Romulus, MI"]
[Date "2000.09.02"]
[Round "2.20"]
[White "Bostic, Donald"]
[Black "Imai, Toshio"]
[Result "1-0"]
[WhiteElo "1693"]
[BlackElo "1500"]
[PlyCount "45"]
[EventDate "2000.09.01"]

1. d4 Nf6 2. Nf3 c5 3. e3 e6 4. Bd3 d5 5. c3 c4 6. Bc2 Nc6 7. Nbd2 Bd6 8. O-O
Qc7 9. h3 Bd7 10. Qe2 e5 11. e4 Nxe4 12. Nxe4 dxe4 13. Bxe4 Ne7 14. dxe5 Bxe5
15. Nxe5 Qxe5 16. Re1 Rb8 17. Qf3 Rd8 18. Bf4 Qf6 19. Bxb7 O-O 20. Rad1 Be6 21.
Bd6 Qxf3 22. Bxf3 Rfe8 23. Bxe7 1-0

[Event "Michigan Open Reserve"]
[Site "Romulus, MI"]
[Date "2000.09.02"]
[Round "3.36"]
[White "Biache, August"]
[Black "Hershberger, Kent"]
[Result "1-0"]
[WhiteElo "1444"]
[BlackElo "1024"]
[PlyCount "59"]
[EventDate "2000.09.01"]

1. e4 d5 2. exd5 Qxd5 3. Nc3 Qa5 4. d4 Nf6 5. Bd2 Qb6 6. Nf3 Bd7 7. Rb1 e6 8.
Bd3 Bd6 9. O-O c5 10. Ne4 Nxe4 11. Bxe4 Nc6 12. d5 Ne5 13. Bc3 f6 14. Nxe5 Bxe5
15. Bxe5 fxe5 16. Qh5+ g6 17. Bxg6+ Ke7 18. Qg5+ Kd6 19. dxe6 Bxe6 20. Rbd1+
Bd5 21. Bf7 Raf8 22. Rxd5+ Kc6 23. Rxe5 Qxb2 24. Rxc5+ Kb6 25. Qe3 Rd8 26. Rc8+
Ka6 27. Bc4+ b5 28. Rc7 Qd4 29. Qa3+ Kb6 30. Qxa7# 1-0

[Event "Michigan Open"]
[Site "Romulus, MI"]
[Date "2000.09.02"]
[Round "2.12"]
[White "Beckwith, Stan"]
[Black "Sudharsan, Krishnan"]
[Result "1/2-1/2"]
[WhiteElo "1746"]
[BlackElo "1925"]
[PlyCount "95"]
[EventDate "2000.09.01"]

1. d4 Nf6 2. c4 g6 3. Nc3 d5 4. Bf4 Bg7 5. Nf3 O-O 6. e3 c5 7. dxc5 Be6 8. cxd5
Nxd5 9. Nxd5 Bxd5 10. Qd2 Be6 11. Nd4 Bc8 12. Bg3 Qd5 13. b3 Nc6 14. Rc1 Nxd4
15. exd4 Bf5 16. Bc4 Qxg2 17. Rf1 Qe4+ 18. Qe3 Qxd4 19. Qxd4 Bxd4 20. Bd5 Rac8
21. b4 e5 22. Bxb7 Rb8 23. c6 Bc8 24. Bxc8 Rfxc8 25. Rc4 Rb6 26. c7 Rb7 27. a4
Rcxc7 28. Rxd4 exd4 29. Bxc7 Rxc7 30. Kd2 Rc3 31. Rc1 Rb3 32. Rc4 Rb2+ 33. Kd3
Rxf2 34. b5 Ra2 35. Kxd4 Kf8 36. Kd5 f5 37. Kc6 Ke7 38. Kb7 Kd6 39. Rc6+ Kd5
40. Ra6 f4 41. Kxa7 f3 42. b6 f2 43. b7 f1=Q 44. b8=Q Qf2+ 45. Ka8 Qxh2 46.
Qb3+ Ke5 47. Re6+ Kf4 48. Qe3+ 1/2-1/2

[Event "Michigan Open Reserve"]
[Site "Romulus, MI"]
[Date "2000.09.02"]
[Round "1.54"]
[White "Avery, James"]
[Black "Morian, William"]
[Result "0-1"]
[WhiteElo "641"]
[BlackElo "1548"]
[PlyCount "60"]
[EventDate "2000.09.01"]

1. e4 e5 2. Nf3 Nc6 3. Be2 Nf6 4. Nc3 Bc5 5. O-O d6 6. d3 Be6 7. Be3 Bb6 8.
Bxb6 axb6 9. d4 exd4 10. Nxd4 Nxd4 11. Qxd4 O-O 12. e5 dxe5 13. Qxe5 Ra5 14.
Rad1 Rxe5 15. Rxd8 Rxd8 16. Bf3 Bd5 17. Nxd5 Nxd5 18. Rd1 Rde8 19. g3 Re1+ 20.
Rxe1 Rxe1+ 21. Kg2 c6 22. c4 Nb4 23. a3 Nd3 24. b4 Ne5 25. b5 Nxf3 26. Kxf3
cxb5 27. cxb5 Ra1 28. h4 Rxa3+ 29. Kg4 Rb3 30. f4 Rxb5 0-1

[Event "Michigan Open Reserve"]
[Site "Romulus, MI"]
[Date "2000.09.02"]
[Round "3.21"]
[White "Avery, Bill"]
[Black "Shellenberger, Richard"]
[Result "1/2-1/2"]
[WhiteElo "1594"]
[BlackElo "1716"]
[PlyCount "69"]
[EventDate "2000.09.01"]

1. d4 Nf6 2. Nf3 b6 3. Bg5 Bb7 4. e3 e6 5. Be2 Be7 6. h3 c5 7. c3 Qc7 8. Nbd2
d6 9. O-O Nbd7 10. Bf4 O-O 11. a4 a5 12. Nc4 Ba6 13. Na3 Rfb8 14. Bxa6 Rxa6 15.
Nb5 Qc6 16. Qe2 Raa8 17. Rad1 Ne8 18. e4 Qb7 19. dxc5 Nxc5 20. Bxd6 Nxd6 21.
Nxd6 Bxd6 22. Rxd6 Nxa4 23. Rfd1 Nc5 24. e5 Qc7 25. Qb5 Rd8 26. R1d4 Rab8 27.
Nd2 Rxd6 28. Rxd6 g6 29. Nc4 Ne4 30. Rxb6 Rxb6 31. Nxb6 Qa7 32. c4 a4 33. c5 a3
34. bxa3 Qxa3 35. Nd7 1/2-1/2

[Event "Michigan Open Reserve"]
[Site "Romulus, MI"]
[Date "2000.09.02"]
[Round "1.51"]
[White "Avery, Bill"]
[Black "Cooper, Rene"]
[Result "1-0"]
[WhiteElo "1594"]
[BlackElo "1106"]
[Annotator "Jeff Aldrich"]
[PlyCount "75"]
[EventDate "2000.09.01"]

{Queen's Pawn: Torre} 1. d4 d5 2. Nf3 Nf6 3. Bg5 h6 4. Bf4 e6 5. e3 c5 6. c3
Nc6 7. Bd3 Qb6 8. Qc2 Be7 9. Nbd2 c4 {It is definitely too early to be fixing
the pawn structure like this. White can eventually play b2-b3, undermining the
c-pawn.} 10. Be2 Bd7 11. h3 Nh5 12. Bh2 f5 13. Ne5 Nxe5 14. Bxh5+ Nf7 15. Nf3
Bf6 16. Bxf7+ Kxf7 17. Ne5+ Bxe5 18. Bxe5 {DIAGRAM After the piece exchanges,
we have a fixed pawn structure and opposite-color bishops. Draw, right? Well,
maybe if the queen and rooks come off, but there is still a lot of fight left
in the position.} Qd8 19. O-O b5 20. f3 Bc6 21. e4 Qg5 22. exf5 Qxf5 23. Qe2 {
White is right to keep the queens on the board. Two reasons why he has the
advantage. One: Black's bishop is stuck behind his pawns, and Two: Black's
king is very exposed.} h5 24. Rae1 Rh6 25. Qd2 Rg6 26. Rf2 Qxh3 27. Qf4+ Kg8
28. Bd6 Qf5 29. Qh4 Re8 30. Re5 Qf7 31. Rxh5 Rh6 32. Rxh6 gxh6 33. Qxh6 Qh7 34.
Qd2 {White has shown great patience. He will bring his rook into the game and
his bishop prevents the black king's escape to the queen-side.} Qg7 35. Re2 Qg6
36. Re5 Qb1+ 37. Kf2 Qh7 38. Rg5+ 1-0

[Event "Michigan Open Reserve"]
[Site "Romulus, MI"]
[Date "2000.09.02"]
[Round "4.20"]
[White "Aldrich, Justin"]
[Black "West, Tony"]
[Result "0-1"]
[WhiteElo "1584"]
[BlackElo "1731"]
[Annotator "Jeff Aldrich"]
[PlyCount "158"]
[EventDate "2000.09.01"]

{Sicilian} 1. e4 c5 2. Nf3 Nc6 3. c3 d5 4. exd5 Qxd5 5. d3 $6 (5. d4 {seems
like the proper move here. White needs to challenge the center. With the text
move, black gets a huge space advantage.}) 5... e5 6. Be3 Nf6 7. Be2 Be7 8. O-O
O-O 9. Nbd2 {White's position seems solid enough, but his lack of space makes
it difficult to formulate a plan.} Bf5 10. Nb3 b6 11. Qd2 Rad8 12. Rad1 e4 13.
dxe4 Qxe4 14. Qc1 Qa4 15. Qa1 {DIAGRAM: Ouch! This is a major consetion from
which white never recovers.} Nd5 16. Nfd2 Ne5 17. h3 Nxe3 18. fxe3 Bd3 19. Nc1
$2 {White was pretty much paralized, but this gives up the exchange and black
slowly grinds him done.} Bc2 20. b3 Qe8 21. c4 Bxd1 22. Rxd1 Bf6 23. Qb1 Ng6
24. Ne4 Rxd1+ 25. Bxd1 Qd8 26. Bf3 Bg5 27. Nxg5 Qxg5 28. Qe4 Rd8 29. Nd3 Qe7
30. Kf2 Kf8 31. Ke2 Qf6 32. Qb7 Qe7 33. Qe4 Qd6 34. Qd5 Qf6 35. Qb7 Qe7 36. Qe4
Qxe4 37. Bxe4 Ne7 38. Ne5 f6 39. Nd3 f5 40. Bf3 g5 41. Ne5 Kg7 42. g3 Kf6 43.
Nd3 Rh8 44. Bg2 h5 45. Bh1 h4 46. g4 fxg4 47. hxg4 Ng6 48. Nf2 Ne5 49. Bg2 Rb8
50. Bh3 b5 51. cxb5 Rxb5 52. Ne4+ Kg6 53. Nc3 Rb8 54. Na4 c4 55. bxc4 Rb4 56.
Nc3 Rxc4 57. Nb5 Rc2+ 58. Kd1 Rxa2 59. Nc3 Rh2 60. Bf1 Nxg4 61. Nd5 Ne5 62. Be2
h3 63. e4 Rh1+ 64. Kd2 h2 65. Ne7+ Kf7 66. Nf5 Ra1 67. Ng3 h1=Q 68. Nxh1 Rxh1
69. Ke3 Kf6 70. Kf2 g4 71. Kg3 Re1 72. Bxg4 Nxg4 73. Kxg4 Rxe4+ 74. Kh3 Kf5 75.
Kg2 Kf4 76. Kg1 Kf3 77. Kh2 Rg4 78. Kh1 Kf2 79. Kh2 Rh4# 0-1

[Event "Michigan Open Reserve"]
[Site "Romulus, MI"]
[Date "2000.09.02"]
[Round "2.25"]
[White "Aldrich, Justin"]
[Black "Gorman, Jonathan"]
[Result "1/2-1/2"]
[WhiteElo "1584"]
[BlackElo "1268"]
[PlyCount "68"]
[EventDate "2000.09.01"]

1. e4 e6 2. d4 d5 3. e5 c5 4. c3 Nc6 5. Nf3 Qb6 6. Be2 Nge7 7. Qb3 Qxb3 8. axb3
cxd4 9. cxd4 Nf5 10. Bb5 Bd7 11. Bxc6 bxc6 12. Nc3 c5 13. dxc5 Bxc5 14. O-O O-O
15. Na4 Rfc8 16. Nxc5 Rxc5 17. Bd2 Bb5 18. Rfe1 a6 19. Bc3 Bd3 20. h3 h5 21. b4
Rc7 22. Ra5 Ne7 23. Rea1 Rac8 24. Nd4 Nc6 25. Rc5 Nxe5 26. Rxc7 Rxc7 27. Nxe6
Nf3+ 28. gxf3 fxe6 29. Re1 Kf7 30. Re5 Bf5 31. Kg2 g6 32. Re1 Ke7 33. Kg3 Kd7
34. Ra1 Rc6 1/2-1/2

[Event "Michigan Open"]
[Site "Romulus, MI"]
[Date "2000.09.02"]
[Round "2.1"]
[White "Aldrich, Jeff"]
[Black "Finegold, Ben"]
[Result "0-1"]
[WhiteElo "1949"]
[BlackElo "2562"]
[PlyCount "34"]
[EventDate "2000.09.01"]

1. d4 d5 2. c4 Nc6 3. Nf3 Bg4 4. e3 e5 5. dxe5 dxc4 6. Qa4 Bxf3 7. gxf3 Qd5 8.
e4 Qxe5 9. Bxc4 Bb4+ 10. Kf1 Nge7 11. Qb5 Qf6 12. f4 O-O-O 13. Kg2 Qg6+ 14. Kh3
a6 15. Qa4 Qxe4 16. Rg1 Qxc4 17. a3 Qe6+ 0-1

[Event "Michigan Open Reserve"]
[Site "Romulus, MI"]
[Date "2000.09.02"]
[Round "2.29"]
[White "Aguilar, Javier"]
[Black "West, Tony"]
[Result "0-1"]
[WhiteElo "1254"]
[BlackElo "1731"]
[PlyCount "114"]
[EventDate "2000.09.01"]

1. d4 Nf6 2. c4 c5 3. d5 b5 4. e3 g6 5. Nc3 b4 6. Na4 d6 7. Nf3 Bg7 8. Bd3 O-O
9. O-O Bd7 10. Rb1 Na6 11. b3 e6 12. e4 exd5 13. cxd5 Nc7 14. Re1 Re8 15. Bf4
Nb5 16. Bxb5 Bxb5 17. e5 dxe5 18. Bxe5 Bxa4 19. Bxf6 Rxe1+ 20. Nxe1 Bxf6 21.
bxa4 Qd6 22. Qb3 Rd8 23. Rd1 Rc8 24. Rc1 Bc3 25. Qc4 Rd8 26. Nf3 Qxd5 27. Qxd5
Rxd5 28. Kf1 f6 29. Ke2 Kf7 30. Rd1 Rxd1 31. Kxd1 Ke6 32. Kc2 Kd5 33. Ng1 Be1
34. f3 Bf2 35. Ne2 g5 36. h3 f5 37. g3 c4 38. g4 fxg4 39. hxg4 Be3 40. Ng3 Ke5
41. Ne2 Bf4 42. a5 a6 43. Kb2 Kd5 44. Kc2 Bc7 45. Ng1 Kd4 46. Nh3 h6 47. Nf2
Ke3 48. Ne4 Kxf3 49. Nc5 Bxa5 50. Nxa6 Kxg4 51. Nc5 Kf3 52. Ne6 Bb6 53. Ng7 g4
54. Nf5 g3 55. Nxh6 g2 56. Nf5 g1=Q 57. Nh4+ Ke4 0-1

[Event "Michigan Open Reserve"]
[Site "Romulus, MI"]
[Date "2000.09.02"]
[Round "3.48"]
[White "Aguilar, Javier"]
[Black "Bakir, Hussain"]
[Result "1-0"]
[WhiteElo "1254"]
[BlackElo "983"]
[PlyCount "61"]
[EventDate "2000.09.01"]

1. d4 e6 2. c4 d6 3. Nc3 Nc6 4. Nf3 Nf6 5. Bg5 Be7 6. e3 Nh5 7. Bxe7 Nxe7 8.
Bd3 O-O 9. Rc1 Nf6 10. O-O Nf5 11. Qc2 b6 12. Rfe1 Bd7 13. e4 Nh6 14. e5 dxe5
15. dxe5 Nf5 16. exf6 Qxf6 17. Rcd1 c5 18. Bxf5 exf5 19. Rxd7 g6 20. Ree7 a5
21. Nd5 Qg7 22. Ng5 Qh6 23. Nxf7 Qh5 24. Nf6+ Kg7 25. Nxh5+ gxh5 26. Ng5+ Kh6
27. Nxh7 Kg6 28. Rg7+ Kh6 29. Qd2+ f4 30. Qd6+ Rf6 31. Qxf6# 1-0

[Event "Michigan Open Reserve"]
[Site "Romulus, MI"]
[Date "2000.09.03"]
[Round "4.62"]
[White "Zuniga, Jesus"]
[Black "Ryan, Mark"]
[Result "1-0"]
[WhiteElo "1571"]
[BlackElo "1502"]
[PlyCount "109"]
[EventDate "2000.09.01"]

1. d4 f5 2. c4 g6 3. Nc3 Bg7 4. e4 fxe4 5. Nxe4 Nf6 6. Nxf6+ exf6 7. Qe2+ Qe7
8. Qxe7+ Kxe7 9. Bd3 Nc6 10. Ne2 f5 11. Be3 Kf7 12. O-O d6 13. a3 a5 14. Rad1
Bd7 15. d5 Ne5 16. b3 b5 17. Bd4 Nxd3 18. Rxd3 Bxd4 19. Nxd4 bxc4 20. bxc4 a4
21. Re1 Rae8 22. Rde3 Rxe3 23. Rxe3 Re8 24. Rxe8 Kxe8 25. Kf1 Kd8 26. Ke2 Kc8
27. Kd3 Kb7 28. Kc3 Kb6 29. Kb4 h5 30. f4 h4 31. Nf3 h3 32. g3 c5+ 33. dxc6
Bxc6 34. Nd4 Bd7 35. Ne2 Bc6 36. Nc3 Bd7 37. Nxa4+ Bxa4 38. Kxa4 Kc5 39. Kb3
Kb6 40. Kb4 Ka6 41. c5 dxc5+ 42. Kxc5 Ka5 43. Kd5 Ka4 44. Ke6 Kxa3 45. Kf6 Kb3
46. Kxg6 Kc4 47. Kxf5 Kd5 48. g4 Kd6 49. g5 Ke7 50. g6 Kf8 51. Kf6 Kg8 52. g7
Kh7 53. Kf7 Kh6 54. g8=Q Kh5 55. Qg5# 1-0

[Event "Michigan Open Reserve"]
[Site "Romulus, MI"]
[Date "2000.09.03"]
[Round "1.63"]
[White "Zuniga, Jesus"]
[Black "Pankov, Andrei"]
[Result "1-0"]
[WhiteElo "1571"]
[BlackElo "1042"]
[PlyCount "53"]
[EventDate "2000.09.01"]

1. d4 d5 2. c4 dxc4 3. Nc3 g6 4. e4 Bg7 5. e5 e6 6. f4 Nc6 7. Nf3 Bd7 8. Bxc4
Qe7 9. O-O O-O-O 10. Be3 f6 11. Qb3 Na5 12. Qc2 Nxc4 13. Nd1 Nxe3 14. Nxe3 fxe5
15. dxe5 Bc6 16. Rac1 Bxf3 17. Rxf3 Rd7 18. Nc4 Qc5+ 19. Kh1 b5 20. Nd6+ cxd6
21. Qd1 Ne7 22. Rxc5+ dxc5 23. Qb3 Rd5 24. Qxb5 Rhd8 25. h3 Nf5 26. Qc6+ Kb8
27. Rb3# 1-0

[Event "Michigan Open Reserve"]
[Site "Romulus, MI"]
[Date "2000.09.03"]
[Round "5.33"]
[White "Wright, Walter"]
[Black "Vasos, John"]
[Result "1-0"]
[WhiteElo "1552"]
[BlackElo "1092"]
[PlyCount "71"]
[EventDate "2000.09.01"]

1. d4 d5 2. Nf3 g6 3. e3 Nf6 4. Bd3 Bg7 5. c3 O-O 6. O-O Bg4 7. Nbd2 Nc6 8. h3
Bd7 9. Qc2 Qc8 10. Ne5 Nxe5 11. dxe5 Nh5 12. f4 Bxh3 13. Rf3 Bf5 14. Bxf5 Qxf5
15. Qxf5 gxf5 16. Rh3 Nf6 17. exf6 Bxf6 18. Nf3 c5 19. Rg3+ Kh8 20. Bd2 Bg7 21.
Kf2 f6 22. Rh1 Kg8 23. Rgh3 Kf7 24. Rxh7 Rh8 25. Rxh8 Bxh8 26. Rh7+ Bg7 27. Nh4
e6 28. Kf3 Rg8 29. g4 Rh8 30. Rxh8 Bxh8 31. gxf5 exf5 32. Nxf5 Ke6 33. e4 b5
34. Be3 dxe4+ 35. Kxe4 c4 36. Bxa7 1-0